Business Policy and Strategy : An Action Guide. (Record no. 3290)

MARC details
005 - DATE AND TIME OF LATEST TRANSACTION
control field 20250606093309.0
020 ## - INTERNATIONAL STANDARD BOOK NUMBER
International Standard Book Number 1-57444-277-5
082 ## - DEWEY DECIMAL CLASSIFICATION NUMBER
Classification number TEA. LECT 658. 401 MUR
100 ## - MAIN ENTRY--PERSONAL NAME
Author name MURDICK, R. C.
245 ## - TITLE STATEMENT
Title Business Policy and Strategy : An Action Guide.
250 ## - EDITION STATEMENT
Edition statement 6th Ed
260 ## - PUBLICATION, DISTRIBUTION, ETC.
Place of publication, distribution, etc. London,
Name of publisher, distributor, etc. St. Lucie,
Date of publication, distribution, etc. 2000.
300 ## - PHYSICAL DESCRIPTION
Extent 340p.: ill.; figure, table
Other physical details Index
Dimensions 24cm.
700 ## - ADDED ENTRY--PERSONAL NAME
Other authors/Editors MOOR, R. C. [et.. all]
856 ## - ELECTRONIC LOCATION AND ACCESS
Link text Access Online Book,
Electronic name Business
Path www.crcpress.com
942 ## - ADDED ENTRY ELEMENTS (KOHA)
Source of classification or shelving scheme Dewey Decimal Classification
Koha item type Books
Holdings
Date last seen Total checkouts Full call number Barcode Cost, replacement price Price effective from Koha item type Lost status Source of classification or shelving scheme Damaged status Not for loan Withdrawn status Home library Current library Shelving location Date acquired Cost, normal purchase price
06/06/2025   TEA. LECT 658. 401 MUR 00000011248 305703.00 06/06/2025 Books   Dewey Decimal Classification       College of Business Education Main Library College of Business Education Main Library General Collection 04/22/2005 101901.00
06/06/2025   TEA. LECT 658. 401 MUR 00000011249 305703.00 06/06/2025 Books   Dewey Decimal Classification       College of Business Education Main Library College of Business Education Main Library General Collection 04/22/2005 101901.00
06/06/2025   TEA. LECT 658. 401 MUR 00000011250 305703.00 06/06/2025 Books   Dewey Decimal Classification       College of Business Education Main Library College of Business Education Main Library General Collection 04/22/2005 101901.00